| 000 | 00460nam a22001937a 4500 | ||
|---|---|---|---|
| 003 | MPLRDC | ||
| 005 | 20220104144134.0 | ||
| 008 | 210129b ||||| |||| 00| 0 eng d | ||
| 020 | _a957-33-1787-7 | ||
| 082 | _a848.3 ZXX v.30 | ||
| 100 | _a张小娴著 | ||
| 245 |
_a那年的梦想 _c |
||
| 250 | _a初版 | ||
| 260 |
_a _b皇冠丛书 _c2001 |
||
| 300 | _b平 | ||
| 490 | _a张小娴作品; 21 | ||
| 650 | _a现代别集 | ||
| 942 |
_cBK _o848.3 ZXX v.30 |
||
| 999 |
_c46741 _d46731 |
||